Music Quiz

Random Music Quiz

Chasing the Summer Room 94 Lyrics Quiz Stats

 Plays Quiz not verified by Sporcle

Score 0/268 Timer 10:00
0 Plays Today
Answer % Correct
a
96.8%
summer
96.8%
the
96.8%
the
96.8%
the
96.8%
the
96.8%
summer
96.8%
the
96.8%
summer
96.8%
the
96.8%
summer
96.8%
a
96.8%
a
96.8%
and
96.8%
Summer
96.8%
the
96.8%
the
96.8%
the
96.8%
summer
96.8%
the
96.8%
summer
96.8%
the
96.8%
summer
96.8%
her
93.5%
chasing
93.5%
her
93.5%
chasing
93.5%
chasing
93.5%
her
93.5%
her
93.5%
her
93.5%
her
93.5%
her
93.5%
chasing
93.5%
her
93.5%
chasing
93.5%
chasing
93.5%
her
93.5%
her
93.5%
her
93.5%
back
90.3%
of
90.3%
back
90.3%
of
90.3%
back
90.3%
back
90.3%
back
90.3%
back
90.3%
back
90.3%
back
90.3%
of
90.3%
back
90.3%
back
90.3%
back
90.3%
back
90.3%
back
90.3%
back
90.3%
back
90.3%
back
90.3%
back
90.3%
back
90.3%
back
90.3%
back
90.3%
back
90.3%
back
90.3%
three
87.1%
since
87.1%
months
87.1%
face
87.1%
up
87.1%
memories
87.1%
in
87.1%
up
87.1%
in
87.1%
in
87.1%
in
87.1%
in
87.1%
I
83.9%
saw
83.9%
we
83.9%
were
83.9%
living
83.9%
so
83.9%
now
83.9%
i
83.9%
perfect
83.9%
ten
83.9%
days
83.9%
we
83.9%
were
83.9%
Answer % Correct
sun
83.9%
we
83.9%
were
83.9%
sunshine
83.9%
out
83.9%
our
83.9%
minds
83.9%
i
83.9%
now
83.9%
i
83.9%
we
83.9%
now
83.9%
i
83.9%
now
83.9%
now
83.9%
days
83.9%
i
83.9%
i
83.9%
days
83.9%
sunshine
83.9%
out
83.9%
our
83.9%
minds
83.9%
i
83.9%
now
83.9%
i
83.9%
we
83.9%
now
83.9%
i
83.9%
now
83.9%
now
83.9%
now
83.9%
now
83.9%
now
83.9%
now
83.9%
now
83.9%
now
83.9%
miss
80.6%
on
80.6%
to
80.6%
it
80.6%
it
80.6%
to
80.6%
to
80.6%
Kieran
80.6%
to
80.6%
on
80.6%
to
80.6%
it
80.6%
it
80.6%
it
80.6%
it
80.6%
it
80.6%
it
80.6%
it
80.6%
it
80.6%
it
80.6%
it
80.6%
it
80.6%
it
80.6%
looking
77.4%
place
77.4%
getting
77.4%
naked
77.4%
moonlight
77.4%
getting
77.4%
never
77.4%
want
77.4%
was
77.4%
told
77.4%
was
77.4%
naked
77.4%
moonlight
77.4%
getting
77.4%
never
77.4%
want
77.4%
was
77.4%
burning
74.2%
tequila
74.2%
down
74.2%
round
74.2%
she
74.2%
name
74.2%
she
74.2%
said
74.2%
hers
74.2%
she
74.2%
be
74.2%
swimming
74.2%
tequila
74.2%
Answer % Correct
down
74.2%
round
74.2%
sleeping
71%
til
71%
another
71%
start
71%
more
71%
friends
71%
bring
71%
bring
71%
bring
71%
another
71%
my
71%
start
71%
sleeping
71%
til
71%
another
71%
start
71%
more
71%
friends
71%
bring
71%
bring
71%
bring
71%
bring
71%
bring
71%
bring
71%
bring
71%
bring
71%
bring
71%
bring
71%
bring
71%
bring
71%
bring
71%
hard
67.7%
bare
67.7%
coming
67.7%
comes
67.7%
again
67.7%
something
67.7%
than
67.7%
wish
67.7%
ended
67.7%
met
67.7%
drink
67.7%
asked
67.7%
again
67.7%
again
67.7%
coming
67.7%
comes
67.7%
again
67.7%
something
67.7%
than
67.7%
wish
67.7%
ended
67.7%
that
64.5%
better
64.5%
took
64.5%
flight
64.5%
world
64.5%
girl
64.5%
for
61.3%
know
61.3%
flash
61.3%
bought
61.3%
know
61.3%
oh
58.1%
need
58.1%
can
58.1%
hadn't
58.1%
those
58.1%
flew
58.1%
away
58.1%
oh
58.1%
need
58.1%
can
58.1%
hadn't
58.1%
next
54.8%
year
54.8%
how
51.6%
nine
51.6%
i'll
51.6%
how
51.6%
then
41.9%
coz
38.7%
coz
38.7%
it's
25.8%
f---ed
22.6%
f---ed
22.6%

You're not logged in!

Compare scores with friends on all Sporcle quizzes.
OR
Log In

Show Comments

Extras

Created Feb 23, 2014ReportNominate
Tags:chasing, room, summer

Top Quizzes Today


Score Distribution

Your Account Isn't Verified!

In order to create a playlist on Sporcle, you need to verify the email address you used during registration. Go to your Sporcle Settings to finish the process.

Report this User

Report this user for behavior that violates our Community Guidelines.

Details: